<?xml version="1.0" encoding="UTF-8"?><?xml-stylesheet type="text/xsl" href="static/style.xsl"?><OAI-PMH xmlns="http://www.openarchives.org/OAI/2.0/" xmlns:xsi="http://www.w3.org/2001/XMLSchema-instance" xsi:schemaLocation="http://www.openarchives.org/OAI/2.0/ http://www.openarchives.org/OAI/2.0/OAI-PMH.xsd"><responseDate>2026-04-17T12:41:47Z</responseDate><request verb="GetRecord" identifier="oai:www.recercat.cat:2117/90091" metadataPrefix="marc">https://recercat.cat/oai/request</request><GetRecord><record><header><identifier>oai:recercat.cat:2117/90091</identifier><datestamp>2025-07-17T15:10:40Z</datestamp><setSpec>com_2072_1033</setSpec><setSpec>col_2072_452951</setSpec></header><metadata><record xmlns="http://www.loc.gov/MARC21/slim" xmlns:dcterms="http://purl.org/dc/terms/" xmlns:xsi="http://www.w3.org/2001/XMLSchema-instance" xmlns:doc="http://www.lyncode.com/xoai" xsi:schemaLocation="http://www.loc.gov/MARC21/slim http://www.loc.gov/standards/marcxml/schema/MARC21slim.xsd">
   <leader>00925njm 22002777a 4500</leader>
   <datafield ind2=" " ind1=" " tag="042">
      <subfield code="a">dc</subfield>
   </datafield>
   <datafield ind2=" " ind1=" " tag="720">
      <subfield code="a">Carrió Martínez, Marc</subfield>
      <subfield code="e">author</subfield>
   </datafield>
   <datafield ind2=" " ind1=" " tag="260">
      <subfield code="c">2014-10-14</subfield>
   </datafield>
   <datafield ind2=" " ind1=" " tag="520">
      <subfield code="a">L’objectiu del present projecte “Disseny d’una cadira de rodes robòtica amb superació d’obstacles” és dissenyar amb software CAD en 3D una cadira de rodes amb els mecanismes suficients per tal de que pugui superar obstacles com poden ser graons o pendents pronunciats.&#xd;
Després d’un estudi previ de disseny es seleccionaran els servomotors que controlen els moviments de la cadira realitzant estudis de moviment de la cadira amb el software CAD o mitjançant càlculs teòrics del moviment i forces que intervenen en el mecanisme.&#xd;
Posteriorment es realitzaran estudis d’esforços per comprovar la resistència mecànica de les peces amb més importància de la cadira de rodes.&#xd;
Finalment realitzarem estudis de moviment de la cadira per tal de verificar-ne la seva mobilitat i determinar les seves limitacions.</subfield>
   </datafield>
   <datafield tag="653" ind2=" " ind1=" ">
      <subfield code="a">Àrees temàtiques de la UPC::Enginyeria mecànica</subfield>
   </datafield>
   <datafield tag="653" ind2=" " ind1=" ">
      <subfield code="a">Cadires de rodes</subfield>
   </datafield>
   <datafield tag="653" ind2=" " ind1=" ">
      <subfield code="a">Robòtica</subfield>
   </datafield>
   <datafield ind2="0" ind1="0" tag="245">
      <subfield code="a">Disseny mecànic d'una cadira de rodes robòtica amb superació d'obstacles</subfield>
   </datafield>
</record></metadata></record></GetRecord></OAI-PMH>